Cathédrales de France n°4 - Statistiques

Statistiques générales
  • Ce quiz a été pris 111 fois
  • Le résultat moyen est 10 sur 15
Statistiques - réponses
Par images Hint Réponse % Correct
1601 Sainte-Croix, Orléans
90%
1272 Saint-Etienne, Toulouse
90%
1135 Basilique de Saint-Denis
82%
1150 Notre-Dame-des-Doms, Avignon
76%
1280 Saint-Bénigne, Dijon
75%
XIe Notre-Dame, Evreux
71%
1736 Notre-Dame-de-Guadeloupe, Basse-Terre
60%
XIIe Saint-Sauveur, Aix-en-Provence
59%
990 Notre-Dame, Verdun
57%
1203 Saint-Samson, Dol
57%
1324 Saint-Jean-Baptiste, Perpignan
56%
1954 Saint-Jacques, Lyon
53%
1150 Saint-Mammès, Langres
50%
XIIIe Saint-Tugdual, Tréguier
46%
1400 Saint-Siffrein, Carpentras
35%
Aucun quiz correspondant
Distribution des résultats
% des personnes avec chaque résultat
Percentile par nombre de réponses
Votre historique - résultats
Vous n’avez pas pris ce quiz